000 005200000a22001810004500
003 MACL
005 20160310152340.0
008 160310b xxu||||| |||| 00| 0 eng d
040 _aMACL
_cMACL
041 _aHindi
082 _a891.433
100 _aडॉ कोमलसिंह सोलंकी
_944577
245 _aसमस्‍या
260 _bप्रतिभा प्रकाशन
_c1984
_aग्‍वालियर
350 _a20
650 _aNovel
_944578
942 _cHIN
_k891.433
_2ddc
999 _c28401
_d28401